Oldest known flags of countries - S. America - Statistics

General Stats
  • This quiz has been taken 54 times
  • The average score is 10 of 12
Answer Stats
Picture Hint Answer % Correct
1822 Brazil
100%
1810-1812 Venezuela
93%
1820 Peru
90%
1836-1839 Bolivia
88%
1875-1906 Guyana
83%
1959-1975 Suriname
81%
1811-1814 Colombia
76%
1811 Paraguay
76%
1812 Argentina
74%
1812-1814 Chile
74%
1820-1822 Ecuador
71%
1815-1817 Uruguay
71%
No matching quizzes found
Score Distribution
Percent of People with Each Score
Percentile by Number Answered
Your Score History
You have not taken this quiz